000 00451nam a2200181Ia 4500
001 7963
005 20260306160534.0
008 260306t2018||||xx |||||||||||||| ||spa||
041 _aESP
082 _a364.24
_bG26
100 _aGarrido, Vicente
_eAUT
245 0 _aLa mente criminal:
_bla ciencia contra los asesinos en serie
260 _c2018
300 _a319 páginas :
_c19 cm.
650 _aGEN
654 _aCPS
942 _cLIB
_dJUS
_fJUS
_2ddc
_n
999 _c7963
_d7963